| 000 | 00618nam a22001577a 4500 | ||
|---|---|---|---|
| 008 | 170309b xxu||||| |||| 00| 0 eng d | ||
| 082 |
_22016 _aUT 0708 _bAg14 |
||
| 100 |
_919196 _aAganio, Jenny Rica T. |
||
| 245 |
_aAntas ng Kabalisahan ng mga Mag-aaral sa Asignaturang Filipino At Epekto Nito Sa Pagtuto. _cJenny Rica T. Aganio, Ruby Joy A. Collados and Norelyn A. Fuentes. |
||
| 300 |
_a47 pages; _b28 cm. |
||
| 650 | 0 |
_919197 _aEducation _vFilipino _xUndergraduate Thesis. |
|
| 700 |
_919198 _aAganio, Jenny Rica T. |
||
| 700 |
_919200 _aCollados, Ruby Joy A. |
||
| 700 |
_919201 _aFuentes, Norelyn A. |
||
| 942 |
_2ddc _cUT |
||
| 999 |
_c6375 _d6375 |
||